[Event "Olympiad-31"]
[Site "Moscow"]
[Date "1994.12.13"]
[Round "12.2"]
[White "Renet, Olivier"]
[Black "Kotsur, Pavel"]
[Result "1-0"]
[WhiteElo "2530"]
[BlackElo "2490"]
[Annotator "Vaisser,A"]
[PlyCount "101"]
[EventDate "1994.12.01"]
[EventType "team-swiss"]
[EventRounds "14"]
[EventCountry "RUS"]
[SourceTitle "CBM 045"]
[Source "ChessBase"]
[SourceDate "1995.04.01"]
[SourceVersion "1"]
[SourceVersionDate "1995.04.01"]
[SourceQuality "1"]
[WhiteTeam "France"]
[BlackTeam "Kazakhstan"]
[WhiteTeamCountry "FRA"]
[BlackTeamCountry "KAZ"]

1. e4 c5 2. Nf3 g6 3. d4 Bg7 4. d5 $1 d6 5. a4 Nf6 6. Bb5+ $1 Bd7 7. Nc3 O-O 8.
O-O (8. h3 $6 Na6 9. O-O Nc7 10. Bc4 e5 $1 11. dxe6 Bxe6 12. Qd3 d5 13. exd5
Ncxd5 14. Nxd5 Bxd5 15. Bg5 Bxc4 16. Qxc4 $10 {Polgar, Z - Alvares, Oviedo,
1993}) 8... Na6 9. Re1 Nc7 (9... Bxb5 $5 10. axb5 Nc7 11. Qd3 a6 12. b6 Nb5 13.
Nxb5 axb5 14. Rxa8 Qxa8 15. Qxb5 Qa6 16. Qxa6 bxa6 17. Bg5 Rb8 18. Nd2 Rxb6 19.
Nc4 Rb4 20. b3 Kf8 21. e5 Nxd5 22. Rd1 e6 23. exd6 Ke8 24. Bd2 Rb5 25. Na5 Rb6
26. Nc4 {0.5:0.5 Piket - Ree, Holland (ch) 1993}) 10. Bf1 Nfe8 11. Bg5 $6 (11.
Bf4 $5) 11... h6 12. Bh4 a6 13. Qd2 (13. a5 $6 Rb8 14. e5 (14. Na4 $2 Bxa4 15.
Rxa4 Bxb2 {ni}) 14... g5 15. Bg3 f5 $1 16. exf6 exf6 $15) 13... g5 14. Bg3 Bg4
$6 (14... b5 $1 15. e5 b4 16. Ne4 (16. Nd1 Bg4 17. Ne3 Bxf3 18. gxf3 dxe5 19.
Nf5 e6 20. Nxg7 Nxg7 21. d6 f6 $17) 16... f5 $1 17. exf6 (17. exd6 $2 exd6 18.
Nxd6 f4) 17... Nxf6 18. Nxf6+ Rxf6 $13) 15. Be2 Qc8 16. h3 Bd7 17. a5 $1 $16 f5
(17... Rb8 18. Na4 Bxa4 19. Rxa4 Bxb2 $2 20. c3) 18. exf5 Bxf5 19. Na4 (19. h4
$6 g4 20. Nh2 Nf6 21. Bf4 Kh7 22. Nf1 Nh5 $36) (19. Bd3 e6 $1) 19... Qd8 20.
Rab1 (20. Bd3 $6 Nxd5 (20... e6) 21. Bc4 e6 22. Bxd5 exd5 23. Qxd5+ Rf7) 20...
Nf6 21. Nb6 Ne4 22. Qd1 Rb8 23. Bd3 Nxg3 24. fxg3 e6 25. Bxf5 exf5 26. c3 Rf7
27. Qa4 $1 Re7 (27... Qf6 $2 28. Nd7) 28. g4 (28. Qc2 $5 Rf7 $1 $8 29. Re2 Qf8
30. Rbe1 Re8 31. Qd3 $16) 28... f4 29. Kf2 Nb5 $6 (29... Qf8 $2 30. Nd7 Qe8 31.
Rxe7 Qxe7 32. Re1 $1 $18 (32. Nxb8 $2 Qe3+ 33. Kf1 Qd3+)) (29... Qe8 30. Rxe7
Qxe7 31. Re1 Qf7 {/\ 32...Te8}) 30. Rxe7 $6 (30. Qc2 $1 Qf8 (30... Qc7 31. Qg6
$1 (31. h4 $1) 31... Rxe1 (31... Rbe8 $2 32. Qxe8+ $1) 32. Rxe1 Qf7 33. Qxf7+
Kxf7 34. h4 $16) 31. h4 $1 Rbe8 (31... gxh4 32. Nxh4 Rxe1 33. Rxe1 Re8 34. Ng6
Qf7 35. Rxe8+ Qxe8 36. Nxf4 $16) 32. Rxe7 Qxe7 33. Re1 Qf7 34. Rxe8+ Qxe8 35.
hxg5 Qe3+ 36. Kf1 hxg5 37. Nxg5 $16) 30... Qxe7 31. Re1 Qf7 32. Re6 (32. Qe4
Nc7 33. Qe7 Bf8) (32. h4 $5) 32... Re8 33. Qe4 Nc7 34. Rxe8+ Nxe8 $14 35. Nd2
Nf6 36. Qd3 h5 37. Ne4 $1 hxg4 38. Nxf6+ Qxf6 39. hxg4 Qh6 40. Ke2 Qh4 (40...
Qh1 $2 41. Qe4 Qc1 42. Nc4) 41. Qh3 Qxh3 42. gxh3 Kf7 43. Nc4 Be5 $2 (43... Bf8
) 44. Kf3 Kf6 (44... Kg6 45. Nxe5+ dxe5 46. h4 $2 gxh4 47. d6 Kf7 48. g5 h3 49.
d7 Ke7 50. g6 e4+ 51. Kxf4 h2 52. g7 h1=Q 53. d8=Q+ Kxd8 54. g8=Q+) 45. Kf2 Kg6
$4 (45... Kf7 $1 $14 46. h4 $2 (46. Kg2 Ke7 47. Nxe5 $2 dxe5 48. h4 gxh4 49. g5
e4 50. g6 f3+ 51. Kf2 h3 52. Kg3 e3 53. g7 Kf7 $17) 46... gxh4 47. Nxe5+ $2
dxe5 48. g5 e4 49. d6 e3+ 50. Kf3 h3 51. g6+ Kxg6 52. d7 h2 53. Kg2 h1=Q+ 54.
Kxh1 e2 $19) 46. h4 $1 $18 gxh4 47. Nxe5+ Kg5 (47... dxe5 48. d6 Kf7 49. g5 e4
50. g6+ $18) 48. Nf7+ Kxg4 49. Nxd6 h3 50. Nc4 Kf5 51. Kf3 1-0

[Event "EU-ch 2nd"]
[Site "Ohrid"]
[Date "2001.06.02"]
[Round "2"]
[White "Volzhin, Alexander"]
[Black "Rossi, Carlo"]
[Result "1-0"]
[WhiteElo "2528"]
[BlackElo "2418"]
[Annotator "Volzhin,A"]
[PlyCount "45"]
[EventDate "2001.06.01"]
[EventType "swiss"]
[EventRounds "13"]
[EventCountry "YUG"]
[SourceTitle "EXT 2004"]
[Source "ChessBase"]
[SourceDate "2003.11.25"]
[SourceVersion "1"]
[SourceVersionDate "2003.11.25"]
[SourceQuality "1"]

1. d4 Nf6 2. Nf3 c5 3. d5 c4 $6 {The speciality of my opponent. He inviarably
plays this move in this position.} 4. Nc3 (4. e4 $5 {is other good idea:} Nxe4
5. Bxc4 b5 (5... g6 6. Nc3 Nf6 7. d6 e6 8. Nb5 Na6 9. Bf4 b6 10. Be5 Bb7 11.
Qd4 Bg7 12. Nc7+ Nxc7 13. dxc7 Qe7 14. Bd6 Nh5 15. Qd3 Qf6 16. Ba6 Qxb2 17.
Bxb7 {1-0 Dautov,R-Telljohann,S/Bremen 1998/CBM 68}) (5... Qa5+ 6. c3 b5 7. Bb3
b4 8. O-O bxc3 9. bxc3 Ba6 10. c4 d6 11. Ba4+ Nd7 12. Bxd7+ Kxd7 13. Nd4 Nc5
14. Na3 g6 15. Nb3 Nxb3 16. axb3 Bg7 17. Bd2 Bc3 18. Nc2 {1-0 Perun,
S-Panchenko,F/Kiev 1998.}) 6. Bd3 Qa5+ (6... Nf6 7. Bxb5 Qa5+ 8. Nc3 Bb7 9. O-O
$18) (6... Nd6 7. O-O $16) 7. Nbd2 Nf6 8. O-O Bb7 9. c4 bxc4 10. Nxc4 Qxd5 11.
Qb3 $1 Na6 12. Be3 e6 13. Rfd1 Nc5 14. Bxc5 Bxc5 15. Bc2 $1 Qc6 16. Na5 Bxf2+
17. Kh1 $1 Qb6 18. Nxb7 Rb8 $2 19. Nd6+ $1 Ke7 20. Qd3 $1 Bc5 21. Ne4 $18 {
Tukmakov,V-Trauth,M/Zurich 1994}) 4... Qa5 5. Qd4 $1 {Of course, I didn't
prepare much for the game. I've just decided to play this natural move and see
what will happen.} b5 (5... Na6 {was played in Speelman,J-Paulsen,D/Germany
2000/CBM 78 ext but after} 6. e4 Nb4 7. Kd1 $1 e6 8. a3 Na6 9. Bxc4 Bc5 10. Qd2
b5 11. Nxb5 Qxd2+ 12. Nxd2 Ng4 13. Ke2 exd5 14. Bxd5 Rb8 15. c4 {White is
winning.}) 6. e4 $1 (6. Qc5 $6 Ba6 {leads White nowhere.}) 6... Bb7 7. Bd2 $1
$16 b4 {The only way to parry the threat of 8.e5 but now Black lose c4-pawn.} (
7... Na6 8. e5 Nb4 9. Rc1 Nfxd5 10. Nxd5 Bxd5 11. a3 $18) (7... e6 8. e5 $18)
8. Nd1 e6 9. Bxc4 {Proving that Black's third move was not the best -:)} Bc5
10. Qd3 O-O 11. Ne3 {Precise play still required.} ({Careless} 11. O-O $2 {
allowed} Nxe4 $1 12. Qxe4 exd5 $15) 11... d6 $6 ({He could try to win the pawn
back:} 11... Bxe3 12. fxe3 $1 exd5 13. exd5 Bxd5 14. Bxd5 Nxd5 {but after} 15.
O-O {White is clearly better (/\Ng5, /\a3)}) 12. O-O {The rest is just
converting the healthy extra pawn to a win.} Qb6 13. a3 a5 (13... bxa3 14. b4
Bxe3 (14... Bxb4 15. Bxb4 Qxb4 16. Rfb1 $18) 15. Bxe3 Qc7 16. Rxa3 $18) 14.
axb4 axb4 15. Rxa8 Bxa8 16. c3 $1 $18 Nbd7 17. cxb4 Bxb4 18. Bxb4 Qxb4 19. dxe6
Bxe4 20. Qd4 Ne5 21. e7 Rb8 22. Nxe5 dxe5 23. e8=Q+ $1 (23. e8=Q+ Rxe8 (23...
Nxe8 24. Qxe4) 24. Bxf7+) 1-0

[Event "EU-Cup 16th"]
[Site "Neum"]
[Date "2000.09.29"]
[Round "6.1"]
[White "Winants, Luc"]
[Black "Danner, Georg"]
[Result "1-0"]
[WhiteElo "2523"]
[BlackElo "2437"]
[Annotator "Winants,L"]
[PlyCount "65"]
[EventDate "2000.09.24"]
[EventType "team-swiss"]
[EventRounds "7"]
[EventCountry "BIH"]
[SourceTitle "CBM 080"]
[Source "ChessBase"]
[SourceDate "2001.01.25"]
[SourceVersion "1"]
[SourceVersionDate "2001.01.25"]
[SourceQuality "1"]
[WhiteTeam "Eupen Rochade"]
[BlackTeam "Wachau Melk"]
[WhiteTeamCountry "BEL"]
[BlackTeamCountry "AUT"]

1. d4 c5 2. d5 g6 3. Nc3 Bg7 4. e4 d6 5. f4 Nf6 6. Bb5+ {L'une des meilleures
façons de contrer ce dispositif. L'échec provoque un embouteillage dans le
camp adverse.} Nfd7 {Maintenant ce Cavalier gêne la diagonale du Bc8.} (6...
Bd7 $2) ({ou} 6... Nbd7 $2 {seraient bien évidemment réfutés par} 7. e5) 7. a4
{Pour retenir la progression du Pb7.} Na6 8. Nf3 Nc7 9. Bc4 {On pourrait
également accepter l'échange ou reculer ce Fou sur d3.} O-O 10. O-O a6 11. Qe2
Rb8 ({La théorie recommande} 11... b5 12. axb5 Nb6 13. Bd3 $2 (13. Ra3 Nxc4 14.
Qxc4 axb5 15. Nxb5 Ba6) (13. Bd2 Nxc4 14. Qxc4 axb5 15. Nxb5 Ba6) (13. Bb3 $5
Qd7 (13... axb5 14. Rxa8 Nbxa8 15. Nxb5) (13... c4 14. Be3) 14. Na4 Rb8 (14...
Nxa4 15. Bxa4 axb5 16. Bxb5 $1) (14... Qxb5 15. Qf2) 15. bxa6 Bxa6 16. Nxb6
Rxb6 17. Bc4 Bxc4 18. Qxc4 Bxb2 19. Bxb2 Rxb2 20. Ra7 $14) 13... c4 14. Qf2
cxd3 15. Qxb6 dxc2 16. Qf2 axb5 17. Rxa8 Nxa8 18. Nd4 Bxd4 19. Qxd4 Qb6 20. Ne2
Bg4 21. Qxb6 Nxb6 22. Nd4 Bd1 $17 {Kovacevic,Vlado-Jakobsen,O/Amsterdam IBM-B/
1973/}) 12. Bd2 b5 $2 {Les Noirs n'aperçoivent pas l'idée du dernier coup
blanc.} ({Il fallait probablement essayer} 12... Nf6) 13. axb5 axb5 14. Nxb5
Nxb5 15. Bxb5 Bxb2 ({Sur} 15... Qb6 {,} 16. c4 $1 {garde le pion de plus.}) 16.
Ba5 $1 {Voici l'astuce : Les Noirs se retrouvent d'ores et déjà perdus.} Nb6
17. Rab1 Bg7 18. Bc6 {Le Nb6 est pris au piège.} Bg4 19. Kh1 {19.Qa6 gagnait
plus rapidement.} (19. Qb5 $143 Bxf3 20. Rxf3 (20. Bxb6 Be2 $3 21. Bxd8 Bxb5)
20... Bd4+ 21. Kh1 c4) (19. Qa6 $142 Bxf3 20. gxf3 (20. Bxb6 Rxb6 21. Qxb6 Bxe4
) 20... Bd4+ 21. Kh1 c4 22. Bb7 $1 $18) 19... Bxf3 20. gxf3 e6 21. f5 exf5 22.
exf5 g5 (22... Be5 23. f4) 23. f4 $6 {Les Blancs jouent pour le mat. Il était
pourtant plus simple de capturer le Cavalier.} (23. Qb5 $18) (23. Qa6 $18)
23... gxf4 24. Rb3 c4 $2 (24... Be5 25. Rg1+ Kh8 26. Qh5 {[%cal Rh5h7,Rb3h3] /
\ Qxh7}) (24... Bd4 $142) 25. Rh3 Qg5 26. Qe4 {Les Blancs avaient le choix
entre plusieurs combinaisons.} (26. Rg1 Qxf5 27. Rh5 f3 $8 28. Bc3 $1 Qxh5 (
28... f6 29. Qe7) 29. Rxg7+ Kh8 30. Rxf7+ Kg8 31. Rg7+ Kh8 32. Rg3+ Qe5 33.
Bxe5+ dxe5 34. Qxe5+ Rf6 35. Qxf6#) 26... Qf6 (26... Kh8 27. f6 Bh6 28. Rg1 $18
) (26... Qg4 27. Rhf3 $18) 27. Qxf4 ({Le plus joli était certainement} 27. Rg1
Kh8 28. Bc3 Qxc3 29. f6 $3 {[%cal Re4h7]} Qxh3 30. fxg7+ Kg8 31. gxf8=Q+ Kxf8
32. Qxf4 {[%cal Rf4d6]} Rd8 (32... Nc8 33. Qf6 {[%cal Rf6d8]}) 33. Qf6 $18)
27... Qd4 28. f6 Qxf4 29. Rxf4 Bh6 30. Rxh6 Nxd5 31. Bxd5 Rb5 32. Rg4+ Kh8 33.
Rg7 1-0